00655nam a2200229 a 4500001001300000003000900013005001700022008004100039020001000080082001700090100002200107245004100129260002900170300000800199500003500207505001400242650002400256902000800280942000700288952011700295999001300412nice12345678IN_TiNIC20260116011334.0050524s1948 laha grp 000 0 eng  ac10000a912.549bKHA aKhan, Farhatullah aWest Pakistan in Maps and Statistics aLahorebFeroz Sonsc1948 a62p aincludes index and biblioraphy2 areference aPakistan-West-atlas bRHR cBK 001040708ReferHall-aHMIbHMId2007-06-05g100.00l0o912.549 KHAp04866r2007-06-05v100.00w2005-05-24yBK c638d638